00543cam a22001934a 4500001000800000005001700008008004100025010001700066020003600083040001800119041000800137042000800145080002300153082002700176100000700203101000800210245006700218504006400285261643620180214083754.0980701s1999 nju b 001 0 eng  a 98034871  a0691016887 (cloth : alk. paper) aDLCcDLCdDLC aeng apcc a320.51.30973 PET00a320.51.30973 PET2211 a23 aPOL10aVirtue and the making of modern liberalism /cPeter Berkowitz. aIncludes bibliographical references (p. 193-227) and index.